The observer's book of heraldry

Uloženo v:
Podrobná bibliografie
Hlavní autor: MacKinnon, Charles Roy (autor)
Médium: Kniha
Jazyk:angličtina
Vydáno: Londres Frederick Warne 1966
Témata:
Tagy: Přidat tag
Žádné tagy, Buďte první, kdo vytvoří štítek k tomuto záznamu!

MARC

LEADER 00000nam a2200000 a 4500
001 UCO5746
003 CL-VaPUC
008 000915e19660000UK |||||||||||||||||eng|d
082 0 4 |a 929.6  |b MAC  |2 21 
100 |a MacKinnon, Charles Roy  |e autor  |9 450552 
245 1 4 |a The observer's book of heraldry 
300 |a 150 p 
942 |c BK 
945 |d 20000915 00:00:00  |a crobeson 
260 |a Londres  |b Frederick Warne  |c 1966 
650 7 |a HERALDICA  |2 CL-VaPUC  |9 388228 
650 0 |a Historia y estudios conexos  |9 338055 
650 7 |a BANDERAS  |2 CL-VaPUC  |9 382371 
650 7 |a ESCUDOS  |2 CL-VaPUC  |9 438884 
650 0 |a Genealogía  |9 255285 
583 |a last modification  |c 20000915 00:00:00  |k Rodrigo Vera 
999 |c 291579  |d 291577